000 00552nam a22001457a 4500
020 _a9789351116325
082 _a302.23
100 _aVivek Tyagi
245 _aGlobal comparative media
260 _aNew Delhi
_bRandom publications
_c2009
300 _a291p
942 _cBK
999 _c2849
_d2849